| 000 | 01259nam0a22002891 4500 | ||
|---|---|---|---|
| 001 | rc\5471 | ||
| 005 | 20220318182855.0 | ||
| 010 |
_a5-7320-0573-0 _93000 |
||
| 035 | _a(NLR Aleph) 005295435 | ||
| 090 |
_a6234023 _c6234023 |
||
| 100 | _a20021204d1991 u |0rusy50 ca | ||
| 101 | 0 | _arus | |
| 102 | _aRU | ||
| 105 | _aa ||||||||| | ||
| 200 | 1 |
_aОптимизация операционного контроля изделий в механообработке _fИ.А. Зданович, С.В. Призенко, Е.А. Якушенко |
|
| 210 |
_aЛ. _cЛДНТП _d1991 |
||
| 215 |
_a19, [1] с. _cграф. _d22 |
||
| 225 | 1 |
_aСерия "Управление качеством продукции, стандартизация, метрология, надежность, техническая эстетика _fЛенингр. Дом науч.-техн. пропаганды |
|
| 700 | 1 |
_aЗданович _bИ. А. _gИрина Александровна |
|
| 701 | 1 |
_aПризенко _bС. В. _gСергей Васильевич |
|
| 701 | 1 |
_aЯкушенко _bЕ. А. _gЕвгений Афанасьевич |
|
| 801 | 0 |
_aRU _bNLR _gpsbo |
|
| 801 | 1 |
_aRU _bELAR _2rusmarc |
|
| 852 |
_aNLR _j91-6/1304 |
||
| 942 | _cBOOK | ||
| 980 | _aNB | ||